000 00690nam a2200289Ia 4500
005 20260324112848.0
008 008 260324s9999 xx 000 0 eng d
020 _a9781041054566
037 _aEBOOK
040 _aCRL
040 _beng
040 _cCRL
041 _2eng
041 _aeng
084 _qCRL
100 _aMark Jamieson; Rachel Wood
_91144440
245 0 _aCoaching in the Classroom
245 0 _bBringing out the best in learners
260 _bTaylor and Francis
260 _c2024
365 _a
365 _b220
856 _uhttp://www.taylorfrancis.com/books/9781041054566
942 _cEBOOK
999 _c1733815
_d1733815